[Event "FSIM June"]
[Site "Budapest HUN"]
[Date "2005.06.05"]
[Round "2"]
[White "Laciner,K"]
[Black "Kahn,E"]
[Result "1-0"]
[WhiteElo "2174"]
[BlackElo "2293"]

1.d4 d5 2.c4 dxc4 3.e4 Nf6 4.e5 Nd5 5.Bxc4 Nb6 6.Bb3 e6 7.Be3 Bd7 8.Nc3 Bc6
9.Nf3 Be7 10.O-O O-O 11.Nd2 Nd5 12.Qg4 Nxe3 13.fxe3 Nd7 14.Rxf7 Rxf7 15.Qxe6 Kh8
16.Qxf7 Nxe5 17.Qf5 Ng6 18.Nde4 Bd7 19.Qh5 c6 20.Rf1 Be8 21.Qf3 Qc7 22.Ng5 h6
23.Nce4 Bxg5 24.Nxg5 Qe7 25.Ne6 Bd7 26.Qf7 Qxf7 27.Rxf7 Bxe6 28.Bxe6 Re8
29.Bf5 Nf8 30.Rxb7 Rxe3 31.Kf2 Re8 32.Rxa7 g6 33.Bc2 Rd8 34.Ke3 Ne6 35.Bxg6 Nxd4
36.Be4 c5 37.Rc7 Ne6 38.Rh7+ Kg8 39.Rxh6 Kf7 40.h4 Rd1 41.Bc2 Rc1 42.Kd2 Rg1
43.Bb3 Rxg2+ 44.Ke1  1-0

[Event "Open"]
[Site "Voronezh RUS"]
[Date "2005.06.15"]
[Round "4"]
[White "Kobylkin,E"]
[Black "Vorobiov,E"]
[Result "1-0"]
[WhiteElo "2418"]
[BlackElo "2550"]

1.d4 d5 2.c4 dxc4 3.e4 Nc6 4.Nf3 Bg4 5.Bxc4 e6 6.Be3 Qf6 7.Bb5 Bb4+ 8.Nc3 Ne7
9.h3 Bxf3 10.Qxf3 Qxf3 11.gxf3 O-O-O 12.O-O-O a6 13.Be2 Rd7 14.a3 Ba5 15.d5 exd5
16.exd5 Nb8 17.b4 Bb6 18.Bxb6 cxb6 19.d6 Nf5 20.Nd5 Rxd6 21.Ne7+ Nxe7 22.Rxd6 Kc7
23.Rhd1 b5 24.f4 Re8 25.Bf3 Ng6 26.R6d4 Re7 27.f5 Ne5 28.Bd5 Nbd7 29.Re4 Nb6
30.f4 Nxd5 31.Rxe5 Rxe5 32.fxe5 Ne3 33.f6 gxf6 34.Rd3 Ng2 35.Rf3  1-0

[Event "Open"]
[Site "Mielo POL"]
[Date "2005.06.19"]
[Round "10"]
[White "Shishkin,Va UKR"]
[Black "Szymczak,Z"]
[Result "1-0"]
[WhiteElo "2519"]
[BlackElo "2315"]

1.d4 d5 2.c4 dxc4 3.e4 Nf6 4.e5 Nd5 5.Bxc4 Nb6 6.Bd3 Nc6 7.Ne2 Bg4 8.Be3 Bxe2
9.Bxe2 e6 10.Nc3 Be7 11.Bb5 O-O 12.Bxc6 bxc6 13.Qg4 Kh8 14.O-O Nd5 15.Rac1 c5
16.Qe4 Rb8 17.Nxd5 exd5 18.Qc2 c4 19.b3 cxb3 20.axb3 Rb7 21.Ra1 Qd7 22.Rfc1 Qb5
23.h3 Kg8 24.Bd2 Bb4 25.Bxb4 Qxb4 26.Qc3 Qb6 27.Ra5 Rd8 28.Rc5 Rd7 29.Rc6 Qb5
30.Qf3 g6 31.Qg4 Re7 32.Qc8+ Kg7 33.Qd8 Qb4 34.Qxd5 Qxb3 35.Qxb3 Rxb3 36.Rxc7 Rb7
37.Rxb7 Rxb7 38.f4 Kf8 39.Kf2 Rb2+ 40.Ke3 Rxg2 41.d5 Ke8 42.d6  1-0

[Event "6th EICC"]
[Site "Warsaw POL"]
[Date "2005.06.23"]
[Round "6"]
[White "Grabarczyk,M"]
[Black "Tazbir,M"]
[Result "1-0"]
[WhiteElo "2487"]
[BlackElo "2322"]

1.d4 d5 2.c4 dxc4 3.e4 Nc6 4.Nf3 Bg4 5.d5 Ne5 6.Nbd2 Nxf3+ 7.gxf3 Bc8 8.Bxc4 e5
9.Bb5+ Bd7 10.Bxd7+ Qxd7 11.Qb3 b6 12.Nc4 Bd6 13.Rg1 Kf8 14.Bd2 Ne7 15.Rc1 f6
16.Bb4 Kf7 17.Nxd6+ cxd6 18.Rc6 Rhd8 19.Rxd6 Qxd6 20.Bxd6 Rxd6 21.Kd2 Rc8
22.Rc1 Rxc1 23.Kxc1 Ke8 24.h4 h5 25.Kd2 Ng6 26.Qa4+ Rd7 27.Qc6 Nf4 28.b4 Ke7
29.a4 Ke8 30.Kc3 Kd8 31.Qa8+ Ke7 32.Kc4 Rc7+ 33.Kb5 Ne2 34.Ka6 Nf4 35.Qg8 Kd6
36.Qd8+ Rd7 37.Qe8 Rc7 38.Qf8+ Re7 39.Kb5 Ne2 40.Ka6 Nf4 41.Qb8+ Rc7 42.a5 bxa5
43.Kxa5 Ng6 44.b5 Ne7 45.Qe8 Nc8 46.Qd8+  1-0

[Event "6th EICC"]
[Site "Warsaw POL"]
[Date "2005.07.01"]
[Round "13"]
[White "Nielsen,PH"]
[Black "Mista,A"]
[Result "1-0"]
[WhiteElo "2653"]
[BlackElo "2497"]

1.d4 d5 2.c4 dxc4 3.e4 Nf6 4.e5 Nd5 5.Bxc4 Nb6 6.Bd3 Nc6 7.Be3 Nb4 8.Be4 f5
9.exf6 exf6 10.Nc3 f5 11.Bb1 Be7 12.Nf3 Be6 13.O-O O-O 14.Re1 Kh8 15.Ne5 Nd7
16.Nd3 Nxd3 17.Bxd3 Bg8 18.Bf4 c5 19.Nb5 Nb6 20.Rxe7 Qxe7 21.Bd6 Qf6 22.dxc5 Nc4
23.Bxc4 Bxc4 24.Bxf8 Bxb5 25.Bd6 Bc6 26.Qd2 Re8 27.f4 Qe6 28.Be5 Qc4 29.b4 Kg8
30.Rc1 Qe4 31.Re1 Qc4 32.h3 Kf7 33.Re3 a5 34.bxa5 Qxc5 35.Kh2 Re6 36.Rd3 Rg6
37.Rd7+ Bxd7 38.Qxd7+ Kg8 39.Qxb7 Qc6 40.Qb3+ Kf8 41.Qb8+ Kf7 42.Qb3+ Ke8
43.Qb2 Kf7 44.Qb3+ Re6 45.a4 h5 46.Qd3 Qe4 47.Qd7+ Re7 48.Qd1 Re6 49.a6 Rg6
50.Qd2 Qxa4 51.Qd5+ Ke7 52.Qc5+ Kf7 53.a7 Re6 54.Bd4 Kg6 55.Qc7 Qxd4 56.a8=Q Re1
57.Qaa7 Qf6 58.Qf2 Re7 59.Qcb6 Re6 60.Qb3 Qf7 61.Qd5 Qf6 62.Qg3+ Kf7 63.Qe3 Ke7
64.Qec5+  1-0

[Event "VISUS Open"]
[Site "Prague CZE"]
[Date "2005.07.05"]
[Round "4"]
[White "Juptner,J"]
[Black "Wiener,R"]
[Result "1-0"]
[WhiteElo "2258"]
[BlackElo "2038"]

1.d4 d5 2.c4 dxc4 3.e4 e5 4.Nf3 exd4 5.Bxc4 c5 6.Ne5 Be6 7.Bxe6 fxe6 8.Qh5+ g6
9.Nxg6 Nf6 10.Qh3 Qd7 11.Nxh8 Bg7 12.e5 Bxh8 13.exf6 Bxf6 14.Qh5+ Kd8 15.Qxc5 Nc6
16.Qf8+  1-0

[Event "inAUTOmarket Open"]
[Site "Minsk BLR"]
[Date "2005.07.10"]
[Round "1"]
[White "Viarbitski,D"]
[Black "Danielian,E"]
[Result "0-1"]
[WhiteElo "2163"]
[BlackElo "2433"]

1.d4 d5 2.c4 dxc4 3.e4 Nf6 4.e5 Nd5 5.Bxc4 Nb6 6.Bb3 Nc6 7.Ne2 Bf5 8.a3 e6
9.Nbc3 Qd7 10.Be3 Be7 11.O-O O-O-O 12.Rc1 Na5 13.Bc2 Nac4 14.Bxf5 exf5 15.Qc2 Kb8
16.a4 f6 17.b3 Nxe3 18.fxe3 fxe5 19.Qxf5 Qxf5 20.Rxf5 exd4 21.Nxd4 g6 22.Rf7 Bg5
23.Re1 Rhe8 24.Kf2 Rd7 25.Rxd7 Nxd7 26.Re2 Nc5 27.Kf3 c6 28.b4 Nd3 29.b5 c5
30.Nb3 c4 31.Nd4 Ne5+ 32.Kg3 h5 33.h3 Nd3 34.Nd5 Nc5 35.a5 Re5 36.Nf4 Nb3
37.Nxg6 Nxd4 38.Nxe5 Nxe2+ 39.Kf2 Nc3 40.Nxc4 Nxb5 41.g4 hxg4 42.hxg4 Kc7
43.Kf3 Kc6 44.Ne5+ Kd5 45.Nf7 Be7 46.Kf4 Ke6 47.Nh6 Bb4 48.a6 bxa6 49.Ke4 a5
50.Kd3 Nd6 51.Kd4 a4 52.Kd3 a3 53.Kc2 Bd2 54.g5 Bxe3 55.Ng4 Bxg5 56.Kb3 Bc1
57.Nf2 Bb2 58.Nd3 Kd5 59.Nb4+ Kc5 60.Nd3+ Kb5 61.Ne1 Nf5 62.Nd3 Nd4+ 63.Ka2 Kc4
64.Nf2 Nc6 65.Nd1 Nb4+ 66.Kb1 Bd4  0-1

[Event "VISUS Open"]
[Site "Prague CZE"]
[Date "2005.07.10"]
[Round "9"]
[White "Juptner,J"]
[Black "Voloshin,L"]
[Result "1/2-1/2"]
[WhiteElo "2258"]
[BlackElo "2477"]

1.d4 d5 2.c4 dxc4 3.e4 e5 4.Nf3 exd4 5.Bxc4 Bb4+ 6.Nbd2 Nc6 7.O-O Be6 8.Bxe6 fxe6
9.a3 Bxd2 10.Bxd2 Nf6 11.b4 Qd6 12.b5 Ne5 13.Bb4 Nxf3+ 14.Qxf3 Qe5 15.Qd3 O-O-O
16.f3 Rd7 17.Rfc1 Qf4 18.Bd2 Qd6 19.Bb4 Qf4 20.Bd2 Qd6 21.g3 e5 22.a4 Kb8
23.a5 Re8 24.f4 Ng4 25.a6 b6 26.Rc6  1/2-1/2

[Event "25th Ann Champions"]
[Site "Benasque ESP"]
[Date "2005.07.14"]
[Round "8"]
[White "Komljenovic,D"]
[Black "Korneev,O"]
[Result "1/2-1/2"]
[WhiteElo "2473"]
[BlackElo "2594"]

1.d4 d5 2.c4 dxc4 3.e4 Nc6 4.Nf3 Bg4 5.d5 Ne5 6.Bf4 Ng6 7.Bg3 e5 8.Bxc4 Bd6
9.Bb5+ Kf8 10.Be2 Nf6 11.Nbd2 h6 12.O-O Kg8 13.Qb3 Nh5 14.Qxb7 Ngf4 15.Bd1 Kh7
16.Qb3 Qf6 17.Rc1 Rab8 18.Qc3 Rhe8 19.a3 Bd7 20.b4 Ng6 21.Qe3 a6 22.Be2 Bb5
23.Nb3 Nhf4 24.Bc4 Qe7 25.Na5 Ra8 26.h3 f6 27.Nb7 Qd7 28.Rfe1 Bxc4 29.Rxc4 Qb5
30.Nxd6 cxd6 31.Rc6 Red8 32.Bxf4 Nxf4 33.Kh2 a5 34.Rb6 Qa4 35.Nh4 axb4 36.axb4 Rdb8
37.Rxb8 Rxb8 38.g3 Ng6 39.Nxg6 Kxg6 40.Qf3 Rxb4 41.Qf5+ Kf7 42.Kg2 Rb1  1/2-1/2

[Event "ACT Open"]
[Site "Amsterdam NED"]
[Date "2005.07.18"]
[Round "3"]
[White "Hansen,Kay"]
[Black "Witt,Rob"]
[Result "0-1"]
[WhiteElo "2205"]
[BlackElo "2292"]

1.d4 d5 2.c4 dxc4 3.e4 e5 4.d5 Nf6 5.Bg5 h6 6.Bxf6 Qxf6 7.Bxc4 Bc5 8.Qf3 Qg6
9.Nc3 O-O 10.Qg3 Qb6 11.Nge2 Nd7 12.O-O Qf6 13.Kh1 a6 14.a4 Bd6 15.Rad1 Qe7
16.Qd3 Nf6 17.Ng3 g6 18.Nce2 h5 19.Ng1 Bd7 20.Qc2 h4 21.N3e2 Kg7 22.Bd3 Nh5
23.Qc3 Bxa4 24.b3 Bd7 25.f4 f6 26.fxe5 Bxe5 27.Qc1 Bg4 28.Qe3 Rh8 29.Nf3 Bxf3
30.Rxf3 Qd6 31.h3 Ng3+ 32.Nxg3 hxg3 33.Be2 Rh4 34.Kg1 Qb4 35.Kf1 Rxe4 36.Qd2 Qd6
37.Bd3 Rd4 38.Qc2 Rxd5 39.Rc1 Rd8 40.Bxg6 Rd2 41.Qb1 Qd4  0-1

[Event "ACT Open"]
[Site "Amsterdam NED"]
[Date "2005.07.20"]
[Round "5"]
[White "Peng Zhaoqin"]
[Black "Witt,Rob"]
[Result "1-0"]
[WhiteElo "2405"]
[BlackElo "2292"]

1.d4 d5 2.c4 dxc4 3.e4 Nc6 4.Be3 e5 5.d5 Na5 6.Qa4+ c6 7.b4 cxb3 8.axb3 b5
9.Qxa5 Qxa5+ 10.Rxa5 Bb4+ 11.Bd2 Bxa5 12.Bxa5 Bb7 13.Nf3 f6 14.Nc3 a6 15.dxc6 Bxc6
16.g3 Ne7 17.Bd3 Kf7 18.Ke2 Rhc8 19.Ra1 Bb7 20.Na2 Nc6 21.Bd2 Rd8 22.Nb4 Ne7
23.Nc2 Rd7 24.Ba5 Rc8 25.Ne3 g6 26.h4 h5 27.Rd1 Ke6 28.Rg1 Nc6 29.Bc3 Ne7
30.Bb2 Rcd8 31.Bc2 Nc6 32.Nd5 Ne7 33.Nxe7 Kxe7 34.Ba3+ Kf7 35.Bb4 Rc8 36.Bd3 Rdc7
37.Bd2 Rd7 38.Ba5 Rd6 39.Ra1 Rdc6 40.Kd2 Rd6 41.Ke3 Rdc6 42.Bd2 Rd6 43.Ne1 Rdc6
44.f3 R6c7 45.Bf1 Rc6 46.Be2 Re8 47.Nd3 Kg7 48.b4 Bc8 49.Nc5 Rd6 50.Bc3 Rc6
51.Bd3 Kf7 52.f4 Kg7 53.Bc2 Rd6 54.Bb3 Kh6 55.fxe5 fxe5 56.Rf1 Rc6 57.Rf7 g5
58.Bd5 Rg6 59.Kf3 gxh4 60.Bd2+  1-0

[Event "ACT Open"]
[Site "Amsterdam NED"]
[Date "2005.07.21"]
[Round "6"]
[White "Bakker,S"]
[Black "Pruijssers,R"]
[Result "1/2-1/2"]
[WhiteElo "2300"]
[BlackElo "2261"]

1.d4 d5 2.c4 dxc4 3.e4 c5 4.d5 e6 5.Nc3 exd5 6.Nxd5 Nf6 7.Bxc4 Be6 8.Bf4 Bxd5
9.exd5 Bd6 10.Qe2+ Kf8 11.Be3 Nbd7 12.Nf3 a6 13.O-O Qc7 14.Rad1 Re8 15.h3 b5
16.Bb3 Nb6 17.Qd2 c4 18.Bxb6 Qxb6 19.Bc2 h6  1/2-1/2

[Event "Open A"]
[Site "Pardubice CZE"]
[Date "2005.07.22"]
[Round "1"]
[White "Kantorik,M"]
[Black "Vrublevskaya,O"]
[Result "1-0"]
[WhiteElo "2342"]
[BlackElo "2141"]

1.d4 d5 2.c4 dxc4 3.e4 Nc6 4.Be3 Nf6 5.Nc3 e5 6.d5 Na5 7.Qa4+ c6 8.dxc6 Nxc6
9.Bxc4 Bb4 10.Nf3 Nxe4 11.O-O Nxc3 12.bxc3 Bd6 13.Rfd1 Qc7 14.Ng5 O-O 15.Qb3 Nd8
16.Rd2 h6 17.Rad1 hxg5 18.Rxd6 Bf5 19.Bxg5 Nc6 20.Qa3 Rac8 21.h4 Kh8 22.Bd3 e4
23.Be2 Be6 24.h5 Qa5 25.Qc1 Rg8 26.Qe3 Ne5 27.h6 g6 28.h7 Kxh7 29.Rxe6 fxe6
30.Bf6 g5 31.Qxe4+ Ng6 32.Rd7+ Kh6 33.Qxe6 Rce8 34.Qf7  1-0

[Event "ACT Open"]
[Site "Amsterdam NED"]
[Date "2005.07.23"]
[Round "8"]
[White "Van Beek,A"]
[Black "Jonkman,H"]
[Result "1-0"]
[WhiteElo "2312"]
[BlackElo "2454"]

1.d4 d5 2.c4 dxc4 3.e4 c5 4.d5 Nf6 5.Nc3 b5 6.Bf4 Ba6 7.Nf3 Qa5 8.a4 b4 9.Nb5 b3+
10.Nd2 Bxb5 11.axb5 Qb4 12.Bxc4 Nbd7 13.O-O Nb6 14.Qe2 Nfd7 15.Ra3 g5 16.Rxb3 Qxb3
17.Bxb3 gxf4 18.e5 Bg7 19.e6 Ne5 20.exf7+ Nxf7 21.d6 Nxd6 22.Qh5+ Kd8 23.Qxc5 Rc8
24.Qg5 Bxb2 25.Qxf4 Rc5 26.Ne4 Be5 27.Qd2 Rxb5 28.f4 Kc7 29.Rc1+ Kb8 30.Nc5 Bf6
31.Bd5 a5 32.Bc6 Rxc5 33.Rxc5 Rc8 34.Kf1 Ndc4 35.Qd3 Rxc6 36.Rxc6 Kb7 37.Rxc4 Nxc4
38.Qxc4  1-0

[Event "WYb16"]
[Site "Belfort FRA"]
[Date "2005.07.23"]
[Round "5"]
[White "Trofimov,SP"]
[Black "Diamant,A"]
[Result "1-0"]
[WhiteElo "2411"]
[BlackElo "2226"]

1.d4 d5 2.c4 dxc4 3.e4 Nf6 4.e5 Nd5 5.Bxc4 Nb6 6.Bb3 Nc6 7.Ne2 Bf5 8.Nbc3 e6
9.Be3 Qd7 10.O-O O-O-O 11.Rc1 f6 12.exf6 gxf6 13.Na4 Rg8 14.Ng3 Bg6 15.Nxb6+ axb6
16.a3 Ne7 17.Bf4 c6 18.Re1 Nd5 19.Qf3 Be7 20.Bc4 Bf7 21.b4 Nxf4 22.Qxf4 Rg6
23.b5 c5 24.dxc5 bxc5 25.Qf3 Bd6 26.b6 f5 27.a4 Rdg8 28.a5 Kb8 29.Rcd1 Rg4
30.Bf1 Rd4 31.Ra1 f4 32.Ne2 Rb4 33.a6 e5 34.axb7 e4 35.Ra8+ Kxb7 36.Ra7+ Kc6
37.Qa3 Qe6 38.Qa6 Rb8 39.b7+ Kd7 40.Nc3 Ke7 41.Qc6 Be8 42.Nd5+ Kf7 43.Nxb4 Bxc6
44.Nxc6 Qd5 45.Nxb8 Bxb8 46.Ra4 Qxb7 47.Raxe4 Bd6 48.Bc4+ Kg7 49.Re6 Qb4
50.Rd1 Qxc4 51.Rexd6 f3 52.gxf3 Qc2 53.R1d5 c4 54.Rc6 Qc3 55.Rd7+  1-0

[Event "Open A"]
[Site "Pardubice CZE"]
[Date "2005.07.23"]
[Round "2"]
[White "Reshetnikov,E"]
[Black "Levushkina,E"]
[Result "1/2-1/2"]
[WhiteElo "2323"]
[BlackElo "2227"]

1.d4 d5 2.c4 dxc4 3.e4 Nf6 4.e5 Nd5 5.Bxc4 Nb6 6.Bd3 Nc6 7.Be3 Nd5 8.Nc3 Be6
9.Nge2 g6 10.O-O Bg7 11.Bb5 O-O 12.Bxc6 bxc6 13.Ne4 f6 14.Nc5 Qc8 15.exf6 exf6
16.Qa4 Nb6 17.Qc2 Bf7 18.Nd3 Qe6 19.b3 Nd5 20.Nef4 Nxe3 21.Qe2 Qe4 22.fxe3 Rfe8
23.Rfe1 f5 24.Qf2 Bd5 25.Rac1 Qe7 26.Rc5 Be4 27.Ne5 Qd6 28.Nfd3 Bxd3 29.Nxd3 Re6
30.Rc2 Rae8 31.Rce2 Bh6 32.Ne5 c5 33.Nc4 Qd5 34.dxc5 Qxc5 35.Kf1 Re4 36.g3 a5
37.Rc2 a4 38.Qd2 axb3 39.axb3 Qb5 40.Rc3 f4 41.gxf4 Bxf4 42.Kg1 Bh6 43.Kh1 Rg4
44.Rg1 Qb7+ 45.Rg2 Rf8 46.Rc1 Rxg2 47.Qxg2 Qxb3 48.Qd5+ Kh8 49.Rg1 Qa2 50.Qe4 Qa8
51.Qxa8 Rxa8 52.Rd1 c5 53.Rd5 Bf8 54.Rd2 Ra1+ 55.Kg2 Rc1 56.Ne5 Kg7 57.Rd8 c4
58.Rc8 Rc2+ 59.Kf3 Bd6 60.Nxc4 Bxh2 61.Ke4 h5 62.Kd3 Rc1 63.Kd2 Ra1 64.Ke2 h4
65.Nd2 Ra2 66.Kd3 Bg1 67.Rc1 Ra3+ 68.Ke2 Rxe3+ 69.Kf1 Bh2 70.Kf2 Re7 71.Nf3 Bf4
72.Rc4 Be3+ 73.Kg2 g5 74.Kh3 Kg6 75.Kg4 Re6 76.Ra4 Kf6 77.Rb4 Rc6 78.Re4 Rc3
79.Ra4 Rc6 80.Re4 Bc1 81.Ra4 Rc2 82.Nxh4 gxh4 83.Kxh4 Rg2 84.Rg4 Bg5+ 85.Kh3 Rc2
86.Ra4 Rc5 87.Kg4 Bc1 88.Ra6+ Ke5 89.Ra4 Be3 90.Ra8 Rc4+ 91.Kf3 Bc5 92.Re8+ Kd5
93.Re1 Rd4 94.Re3 Bd6 95.Ke2 Kc4 96.Re8 Rh4 97.Kf3 Kd4 98.Rd8 Rf4+ 99.Kg3 Rf6+
100.Kg4 Ke4 101.Kg5 Rf5+ 102.Kg4 Be7 103.Rd4+  1/2-1/2

[Event "Open A"]
[Site "Pardubice CZE"]
[Date "2005.07.23"]
[Round "2"]
[White "Krensing,J"]
[Black "Bataev,R"]
[Result "1/2-1/2"]
[WhiteElo "2227"]
[BlackElo "2318"]

1.d4 d5 2.c4 dxc4 3.e4 Nf6 4.e5 Nd5 5.Bxc4 Nb6 6.Bb3 Nc6 7.Ne2 Bg4 8.f3 Bf5
9.Nbc3 e6 10.a3 Qd7 11.Be3 Be7 12.O-O O-O-O 13.Rc1 Na5 14.Na4 Nd5 15.Bd2 Nxb3
16.Qxb3 Kb8 17.Ng3 Bg6 18.Ne4 Nb6 19.Nxb6 axb6 20.Be3 Qd5 21.Qxd5 Rxd5 22.Rfd1 Rhd8
23.Nc3 R5d7 24.Rd2 f6 25.exf6 Bxf6 26.Rcd1 c5 27.dxc5 Rxd2 28.Rxd2 Rxd2 29.Bxd2 Bd4+
30.Kf1 Bd3+ 31.Ke1 bxc5 32.Nd1 Kc7 33.Bc3 e5 34.Kd2 Bg6 35.Ne3 Kc6 36.Nc2 Bxc2
37.Kxc2 Kd5 38.Kd3 c4+ 39.Ke2 Bg1 40.h3 g6 41.Kd2 e4 42.Ke2 h5 43.g4 Bd4
44.f4 Bc5 45.f5 gxf5 46.gxf5 Bb6 47.Bf6 Bc7 48.Ke3 Be5 49.Bxe5 Kxe5 50.f6 Kxf6
51.Kxe4 Kg5 52.Kf3  1/2-1/2

[Event "ACT Open"]
[Site "Amsterdam NED"]
[Date "2005.07.24"]
[Round "9"]
[White "Peng Zhaoqin"]
[Black "Monteban,M"]
[Result "1-0"]
[WhiteElo "2405"]
[BlackElo "2260"]

1.d4 d5 2.c4 dxc4 3.e4 Nc6 4.Nf3 Bg4 5.Bxc4 e6 6.Bb5 Ne7 7.Be3 Bxf3 8.gxf3 a6
9.Be2 Qd7 10.Na3 O-O-O 11.Nc2 g6 12.Qd3 Bg7 13.O-O-O f5 14.Qb3 Rhf8 15.Kb1 f4
16.d5 exd5 17.Bc5 d4 18.Qa4 Qe8 19.Bxa6 bxa6 20.Qxa6+ Kd7 21.Bxd4 Nxd4 22.Nxd4 c5
23.Ne6+ Bd4 24.Nxc5+ Kc7 25.Ne6+ Kb8 26.Rxd4  1-0

[Event "15th ETC"]
[Site "Gothenburg SWE"]
[Date "2005.08.02"]
[Round "4"]
[White "Anastasian,A"]
[Black "Van den Doel,E"]
[Result "1/2-1/2"]
[WhiteElo "2595"]
[BlackElo "2587"]

1.d4 d5 2.c4 dxc4 3.e4 Nf6 4.e5 Nd5 5.Bxc4 Nb6 6.Bd3 Nc6 7.Be3 Nb4 8.Be4 f5
9.exf6 exf6 10.Nc3 f5 11.Bb1 N4d5 12.Nf3 Bd6 13.Bg5 Qd7 14.O-O O-O 15.Bd2 Qf7
16.Re1 h6 17.Nxd5 Nxd5 18.Bc2 Bd7 19.Ne5 Bxe5 20.Rxe5 c6 21.Bb3 Rfe8 22.Bxd5 cxd5
23.Bf4 Rxe5 24.Bxe5 Rc8 25.f4 Qe6 26.Qd3 Kh7 27.h3 Qg6 28.Kh2 a6 29.Qd2 Qc6
30.Rf1 Qc2 31.Qb4 Rc6 32.Rf3 Rg6 33.Rg3 Rxg3 34.Kxg3 Qc6 35.Kh2 Be6 36.a4 Kg8
37.Qa5 Kh7 38.b3 Qd7 39.Qc5 Kg8 40.Qa7 Bf7 41.Qb8+ Kh7 42.Qf8 Bg6 43.b4 Qf7
44.Qc8 Bh5 45.b5 axb5 46.axb5 Be2 47.b6 Ba6 48.Kg1 h5 49.Qd8 Qe6 50.Qc7 Qg6
51.Qe7 Qg3 52.Qf7 Qg6 53.Qd7 h4 54.Qe7 Qg3 55.Bf6 Bd3 56.Bxh4 Qxf4 57.Bf6 Qf1+  1/2-1/2

[Event "15th ETC Women"]
[Site "Gothenburg SWE"]
[Date "2005.08.03"]
[Round "5"]
[White "Vasilevich,T"]
[Black "Muhren,B"]
[Result "1-0"]
[WhiteElo "2393"]
[BlackElo "2269"]

1.d4 d5 2.c4 dxc4 3.e4 Nc6 4.Be3 Nf6 5.f3 e5 6.d5 Ne7 7.Bxc4 a6 8.Ne2 Ng6
9.Qd2 Bd6 10.Nbc3 O-O 11.Ng3 Nf4 12.O-O Qe7 13.Rfc1 Bd7 14.Rc2 Rac8 15.Nce2 Bc5
16.Kh1 Nxe2 17.Bxe2 Bxe3 18.Qxe3 g6 19.Qb3 b5 20.Rac1 Qd6 21.Qa3 Rfd8 22.Qc5 Ne8
23.Nf1 Qf6 24.Qa3 Qb6 25.Qe3 Qd6 26.Qc5 Qf6 27.Ne3 h5 28.Qa3 Qb6 29.Rc5 Qd6
30.Qc3 Rb8 31.b4 f6 32.Kg1 Kf7 33.Bf1 Qb6 34.g3 Ra8 35.f4 Qd6 36.fxe5 fxe5
37.Nd1 Rac8 38.Nf2 Kg8 39.Bg2 Kh7 40.Nd3 Nf6 41.Nxe5 Re8 42.Nxd7 Nxd7 43.Rxc7 Qb6+
44.Kh1  1-0

[Event "It"]
[Site "Montreal CAN"]
[Date "2005.08.10"]
[Round "7"]
[White "Tyomkin,D"]
[Black "Krush,I"]
[Result "1-0"]
[WhiteElo "2467"]
[BlackElo "2452"]

1.d4 d5 2.c4 dxc4 3.e4 e5 4.Nf3 Bb4+ 5.Nc3 exd4 6.Nxd4 Qe7 7.Bxc4 Nf6 8.O-O O-O
9.Bg5 Bxc3 10.Bxf6 Qxf6 11.bxc3 Nc6 12.f4 Rd8 13.e5 Qe7 14.Nxc6 Qc5+ 15.Nd4 Qxc4
16.Qb3 Be6 17.Nxe6 Qxb3 18.axb3 fxe6 19.Rfd1 a6 20.Kf2 Kf7 21.Ke3 Ke7 22.Rxd8 Rxd8
23.g4 Rd5 24.c4 Rd8 25.h4 c5 26.Ra5 Rc8 27.h5 Rc7 28.f5 h6 29.Ke4 Rc8 30.Ke3 Rc6
31.Kf4 Rc8 32.g5 hxg5+ 33.Kxg5 exf5 34.Kxf5 Rc6 35.Ke4 Ke6 36.Ra1 Rb6 37.Rg1 Rxb3
38.Rxg7 b5 39.Rg6+ Kf7 40.Rf6+ Ke7 41.Kd5 Re3 42.h6 bxc4 43.h7 Rh3 44.Rxa6 c3
45.Ra7+ Kf8 46.Ra8+ Kg7 47.Rc8 Kxh7 48.Rxc5 Kg8 49.Ke6 Re3 50.Kf6 Rf3+ 51.Ke7 Kg7
52.Rc6 Re3 53.e6 Rd3 54.Ke8 Kf6 55.e7+ Kg7 56.Rc4 Rg3 57.Rc5 Kg8 58.Rc4 Kg7
59.Rc6 Rd3 60.Rc8 Re3 61.Rc4 Rg3 62.Rc5 Kg8 63.Kd7 Rd3+ 64.Ke8 Rg3 65.Rc7 Kg7
66.Rd7 Kf6 67.Kd8 Rg8+ 68.e8=Q Rxe8+ 69.Kxe8 Ke5 70.Rd3  1-0

[Event "It"]
[Site "Montreal CAN"]
[Date "2005.08.11"]
[Round "8"]
[White "Golod,V"]
[Black "Shipov,S"]
[Result "1/2-1/2"]
[WhiteElo "2582"]
[BlackElo "2582"]

1.d4 d5 2.c4 dxc4 3.e4 Nf6 4.e5 Nd5 5.Bxc4 Nb6 6.Bd3 Nc6 7.Ne2 Bg4 8.f3 Be6
9.Nbc3 Qd7 10.Ne4 Bd5 11.Nc5 Qc8 12.a3 e6 13.Qc2 Bxc5 14.Qxc5 Qd7 15.Be3 a6
16.Qc2 Ne7 17.Rc1 Bc6 18.O-O Nbd5 19.Bf2 Bb5 20.Be4 h5 21.Rfe1 h4 22.h3 Bxe2
23.Qxe2 c6 24.Rc5 Rd8 25.Qc2 Kf8 26.b4 Nc7 27.a4 Rh5 28.Rd1 Ned5 29.Qd2 Qe7
30.Rb1 g6 31.Qc1  1/2-1/2

[Event "It"]
[Site "Montreal CAN"]
[Date "2005.08.13"]
[Round "10"]
[White "Tyomkin,D"]
[Black "Shipov,S"]
[Result "1/2-1/2"]
[WhiteElo "2467"]
[BlackElo "2582"]

1.d4 d5 2.c4 dxc4 3.e4 Nf6 4.e5 Nd5 5.Bxc4 Nb6 6.Bd3 Nc6 7.Ne2 Bg4 8.f3 Be6
9.Nbc3 Qd7 10.Ne4 Bd5 11.Nc5 Qc8 12.a3 e6 13.Qc2 Bxc5 14.Qxc5 Qd7 15.Be3 Qe7
16.Qc2 Qh4+ 17.Bf2  1/2-1/2

[Event "American Continental"]
[Site "Buenos Aires ARG"]
[Date "2005.08.14"]
[Round "9"]
[White "Sorin,A"]
[Black "Echavarria,J"]
[Result "1-0"]
[WhiteElo "2496"]
[BlackElo "2362"]

1.d4 d5 2.c4 dxc4 3.e4 Nf6 4.e5 Nd5 5.Bxc4 Nb6 6.Bb3 Nc6 7.Ne2 Bf5 8.Nbc3 e6
9.a3 Qd7 10.Ba2 O-O-O 11.Be3 f6 12.exf6 gxf6 13.O-O h5 14.Ng3 Bg6 15.Qf3 f5
16.Nge2 e5 17.Qg3 Bf7 18.Bxf7 Qxf7 19.dxe5 Rg8 20.Qh3 Nxe5 21.Rad1 Re8 22.Ng3 Ng4
23.Qxh5 Qxh5 24.Nxh5 Nxh2 25.Kxh2 Rh8 26.Bxb6 Rxh5+ 27.Kg3 axb6 28.Rfe1 Bd6+
29.Kf3 Rxe1 30.Rxe1 Rh4 31.Nd5 Rd4 32.Ne3 b5 33.g3 Rd3 34.Re2 Rb3 35.Kg2 Be5
36.Nxf5 Bxb2 37.g4 Bc1 38.Nd4 Rxa3 39.Nxb5 Ra4 40.f3 c6 41.Nd6+ Kc7 42.Ne4 b5
43.g5 Kb6 44.g6 Ra7 45.Kf1 b4 46.Rg2 Ra1 47.Rg4 Bh6+ 48.Ke2 Bg7 49.Nd2 c5
50.f4 Kb5 51.f5 Rh1 52.Ne4 b3 53.f6 Rh2+ 54.Kf3 Rh3+ 55.Rg3 Rxg3+ 56.Kxg3 Bxf6
57.Nxf6 b2 58.Ne4 Kb4 59.Nd2 Kc3 60.Nb1+ Kc2 61.g7 Kxb1 62.g8=Q Kc2 63.Qc4+ Kd2
64.Qb3 Kc1 65.Qc3+ Kb1 66.Qxc5 Ka2 67.Qc2  1-0

[Event "ch-AUT Qualifier"]
[Site "Gmunden AUT"]
[Date "2005.08.14"]
[Round "2"]
[White "Schneider Zinner,H"]
[Black "Zoebisch,H"]
[Result "1-0"]
[WhiteElo "2348"]
[BlackElo "2213"]

1.d4 d5 2.c4 dxc4 3.e4 e5 4.Nf3 exd4 5.Bxc4 Bb4+ 6.Bd2 Bxd2+ 7.Nbxd2 Qf6
8.b4 Ne7 9.Nb3 O-O 10.Qxd4 Qxd4 11.Nfxd4 Nbc6 12.b5 Nxd4 13.Nxd4 Rd8 14.O-O-O Bd7
15.Rd2 Be8 16.Rhd1 Rdc8 17.Kb2 c6 18.bxc6 Nxc6 19.Nf5 Kf8 20.Nd6 Rc7 21.f4 Rb8
22.Bd5 Nb4 23.Bb3 b6 24.e5 a5 25.f5 Na6 26.e6 fxe6 27.fxe6 g6 28.Rf2+ Kg7
29.Nxe8+ Rxe8 30.Rd7+ Re7 31.Rd8 Nc5 32.Rf7+ Rxf7 33.exf7 Rxf7 34.Bxf7 Kxf7
35.Kc3 b5 36.Rd5 b4+ 37.Kc4  1-0

[Event "ch-FRA w"]
[Site "Chartres FRA"]
[Date "2005.08.16"]
[Round "11"]
[White "Flear,C"]
[Black "Martsynovskaya,M"]
[Result "1/2-1/2"]
[WhiteElo "2242"]
[BlackElo "2252"]

1.d4 d5 2.c4 dxc4 3.e4 e5 4.Nf3 Bb4+ 5.Bd2 Bxd2+ 6.Nbxd2 exd4 7.Bxc4 c5 8.b4 cxb4
9.Qb3 Qe7 10.Nxd4 Nc6  1/2-1/2

[Event "ch-AUT Qualifier"]
[Site "Gmunden AUT"]
[Date "2005.08.20"]
[Round "8"]
[White "Niederwieser,P"]
[Black "Zoebisch,H"]
[Result "1/2-1/2"]
[WhiteElo "2181"]
[BlackElo "2213"]

1.d4 d5 2.c4 dxc4 3.e4 e5 4.Nf3 exd4 5.Bxc4 Bb4+ 6.Nbd2 Nc6 7.O-O Nf6 8.e5 Nd5
9.Nb3 Nb6 10.Bg5 Be7 11.Bxe7 Qxe7 12.Bb5 Bd7 13.Bxc6 Bxc6 14.Nfxd4 Bd5 15.Qg4 O-O
16.f4 g6 17.Rae1 f5 18.exf6 Qxf6 19.f5 Bc4 20.Rf3 Bd5 21.Rff1 Bc4 22.Rf3 Bd5
23.Rff1 Bc4  1/2-1/2

[Event "41st Rubinstein Mem Open A"]
[Site "Polanica Zdroj POL"]
[Date "2005.08.26"]
[Round "8"]
[White "Jaracz,P"]
[Black "Warakomski,T"]
[Result "1-0"]
[WhiteElo "2515"]
[BlackElo "2375"]

1.d4 d5 2.c4 dxc4 3.e4 e5 4.Nf3 exd4 5.Bxc4 Nc6 6.O-O Be6 7.Bxe6 fxe6 8.Qb3 Qd7
9.Qxb7 Rb8 10.Qa6 Nf6 11.Nbd2 Bb4 12.Qd3 Bxd2 13.Bxd2 O-O 14.Rac1 Rxb2 15.Rc5 Rfb8
16.Rfc1 R8b6 17.h3 h6 18.R1c4 Rxa2 19.Bf4 Rab2 20.Rxc6 Rxc6 21.Ne5 Rxc4 22.Nxd7 Rcc2
23.Nxf6+ gxf6 24.Qxd4  1-0

[Event "41st Rubinstein Mem Open A"]
[Site "Polanica Zdroj POL"]
[Date "2005.08.26"]
[Round "8"]
[White "Maciol,R"]
[Black "Kubit,T"]
[Result "0-1"]
[WhiteElo "2216"]
[BlackElo "2130"]

1.d4 d5 2.c4 dxc4 3.e4 Nc6 4.Be3 Nf6 5.f3 e5 6.d5 Nd4 7.Ne2 Bb4+ 8.Nbc3 c5
9.a3 Ba5 10.Ng3 b5 11.Kf2 O-O 12.b4 cxb3 13.Nxb5 Nc2 14.a4 Bb4 15.d6 Be1+
16.Ke2 Bxg3 17.hxg3 Nxe4 18.Bf2 Nxf2 19.Kxf2 Nxa1 20.Qxa1 Qg5 21.Qb1 Bf5
22.Qxb3 Rab8 23.g4 Be6 24.Qc3 Qf4 25.Bc4 a6 26.Nc7 Qd4+ 27.Qxd4 cxd4 28.Nxa6 Rb2+
29.Kg3 Rd8 30.Re1 Rxd6 31.Rxe5 h6 32.f4 d3 33.f5 Bxf5 34.Rxf5 d2 35.Rxf7 d1=Q
36.Rf1+ Kh7 37.Rxd1 Rxd1 38.Nc5 Rc2 39.Bb3 Rc3+  0-1

[Event "Paul Keres Mem A"]
[Site "Tallinn EST"]
[Date "2005.09.02"]
[Round "6"]
[White "Kanep,M"]
[Black "Zavoronkov,V"]
[Result "1-0"]
[WhiteElo "2491"]
[BlackElo "2374"]

1.d4 d5 2.c4 dxc4 3.e4 e5 4.Nf3 exd4 5.Bxc4 Bb4+ 6.Nbd2 Nc6 7.O-O Nf6 8.e5 Nd5
9.Nb3 Nb6 10.Bb5 Qd5 11.Nbxd4 Bd7 12.Nxc6 Qxb5 13.Nfd4 Qc5 14.Nxb4 Qxb4 15.e6 fxe6
16.Qh5+ g6 17.Qe5 O-O-O 18.Bf4 Nd5 19.Rfc1 Qb6 20.a4 Kb8 21.a5 Qb4 22.a6 Qb6
23.Bg3 bxa6 24.Ra3 Ka8 25.Rb3 Bb5 26.Rc6 Qxd4 27.Qxd4 Nf4 28.Qxh8 Ne2+ 29.Kh1 Rxh8
30.Rxc7 Rd8 31.h4 h5 32.Rf3  1-0

[Event "Autumn 1"]
[Site "Alushta UKR"]
[Date "2005.09.13"]
[Round "17"]
[White "Shtyrenkov,V"]
[Black "Aveskulov,V"]
[Result "1/2-1/2"]
[WhiteElo "2459"]
[BlackElo "2450"]

1.d4 d5 2.c4 dxc4 3.e4 Nf6 4.e5 Nd5 5.Bxc4 Nb6 6.Bd3 Nc6 7.Ne2 Bg4 8.f3 Bh5
9.Nbc3 e6 10.Be3 Nb4 11.Be4 N4d5 12.Bf2 Be7 13.O-O O-O 14.Rc1 c6  1/2-1/2